Kỹ thuật trồng rau ăn quả ăn củ

সংরক্ষণ করুন:
গ্রন্থ-পঞ্জীর বিবরন
প্রধান লেখক: Hà Thị Hiến
বিন্যাস: গ্রন্থ
ভাষা:Undetermined
প্রকাশিত: H. VHDT 2004
বিষয়গুলি:
ট্যাগগুলো: ট্যাগ যুক্ত করুন
কোনো ট্যাগ নেই, প্রথমজন হিসাবে ট্যাগ করুন!
Thư viện lưu trữ: Trung tâm Học liệu Trường Đại học Cần Thơ
LEADER 00494nam a2200193Ia 4500
001 CTU_61993
008 210402s9999 xx 000 0 und d
020 |b 11000 
082 |a 635 
082 |b H305 
100 |a Hà Thị Hiến 
245 0 |a Kỹ thuật trồng rau ăn quả ăn củ 
245 0 |c Hà Thị Hiến 
260 |a H. 
260 |b VHDT 
260 |c 2004 
650 |a vegetables 
904 |i Minh 
980 |a Trung tâm Học liệu Trường Đại học Cần Thơ